Техника и электрофизика высоких напряжений: пер. с англ.

Bibliografski detalji
Glavni autor: Куффель Е.
Daljnji autori: Цаенгль В., Куффель Дж.
Sažetak:Перевод второго издания известного руководства по электрофизике и технике высоких напряжений. Авторы — известные специалисты из Канады и Швейцарии. Основные разделы книги — создание и измерение высоких напряжений, пробой в газах, жидких и твердых диэлектриках, неразрушающий контроль изоляции, перенапряжения, проектирование внешней изоляции и испытания высоковольтной аппаратуры. Для студентов и преподавателей инженерно-физических и энергетических специальностей, инженеров-разработчиков и практиков.
Jezik:ruski
Izdano: Долгопрудный, Интеллект, 2011
Teme:
Format: MixedMaterials Knjiga
KOHA link:https://koha.lib.tpu.ru/cgi-bin/koha/opac-detail.pl?biblionumber=181157

MARC

LEADER 00000nam0a2200000 4500
001 181157
005 20231101223612.0
010 |a 9785915590532 
035 |a (RuTPU)RU\TPU\book\196374 
090 |a 181157 
100 |a 20100602d2011 km y0rusy50 ca 
101 1 |a rus  |c eng 
102 |a RU 
105 |a a gj 001zy 
200 1 |a Техника и электрофизика высоких напряжений  |e пер. с англ.  |f Е. Куффель, В. Цаенгль, Дж. Куффель 
210 |a Долгопрудный  |c Интеллект  |d 2011 
215 |a 517 с.  |c ил. 
320 |a Библиография в конце глав. 
330 |a Перевод второго издания известного руководства по электрофизике и технике высоких напряжений. Авторы — известные специалисты из Канады и Швейцарии. Основные разделы книги — создание и измерение высоких напряжений, пробой в газах, жидких и твердых диэлектриках, неразрушающий контроль изоляции, перенапряжения, проектирование внешней изоляции и испытания высоковольтной аппаратуры. Для студентов и преподавателей инженерно-физических и энергетических специальностей, инженеров-разработчиков и практиков. 
606 1 |a Техника высоких напряжений  |2 stltpush  |3 (RuTPU)RU\TPU\subj\60029  |9 77519 
610 1 |a электрическая энергия 
610 1 |a производство 
610 1 |a передача 
610 1 |a испытательные напряжения 
610 1 |a высокие напряжения 
610 1 |a измерение 
610 1 |a электростатические поля 
610 1 |a напряженность 
610 1 |a распределение 
610 1 |a регулирование 
610 1 |a газы 
610 1 |a электрический пробой 
610 1 |a ионизация 
610 1 |a твердые диэлектрики 
610 1 |a жидкие диэлектрики 
610 1 |a изоляция 
610 1 |a неразрушающий контроль 
610 1 |a методы 
610 1 |a перенапряжения 
610 1 |a координация 
610 1 |a испытания 
610 1 |a внешняя изоляция 
610 1 |a проектирование 
610 1 |a справочные пособия 
610 1 |a учебные пособия 
675 |a 621.3.027.3(035)(075)  |v 3 
700 1 |a Куффель  |b Е. 
701 1 |a Цаенгль  |b В. 
701 1 |a Куффель  |b Дж. 
801 1 |a RU  |b 63413507  |c 20100602 
801 2 |a RU  |b 63413507  |c 20150604  |g RCR 
942 |c BK 
959 |a 36/20100602  |d 5  |e 1100,00  |f АНЛ:1  |f ЧЗТЛ:1  |f УФ:3 
959 |a 11/20110125  |d 5  |e 1870,00  |f УФ:4  |f ЧЗТЛ:1 
959 |a 39/20110407  |d 5  |e 1870,00  |f ЧЗТЛ:1  |f АНЛ:1  |f УФ:3